000 00372nam a2200145Ia 4500
008 240624s9999 xx 000 0 und d
041 _aeng
082 _a368 DIC
100 _aDICKSON DAVID C M
245 _aINSURANCE RISK AND RUIN
250 _a(2nd ed.)
260 _c2017
_aNew York
_bCambridge University Press
300 _axii, 294 p.; 23 cm.
365 _cBPS
_b38
999 _c29080
_d29080